00578nam a2200121Ia 4500008004100000082001800041100001500059245011000074260004600184365000600230630011000236730011000346100415s9999 xx 000 0 und d b10670a338.43 aEdwards D aSlaugher Facilities for Tropical Conditions : A Guide to the Selection and Costing of Appropriate Systems aLONDONc1979bTROPICAL PRODUCTS INSTITUTE b0 aSlaugher Facilities for Tropical Conditions : A Guide to the Selection and Costing of Appropriate Systems aSlaugher Facilities for Tropical Conditions : A Guide to the Selection and Costing of Appropriate Systems